| 000 | 02250nam1a2200421 4500 | ||
|---|---|---|---|
| 001 | RU\NLR\BIBL_A\022795407 | ||
| 005 | 20260614224547.0 | ||
| 035 | _a(NLR Aleph) 022795407 | ||
| 090 |
_a13730330 _c13730330 |
||
| 100 | _a20260427d2025 u y0rusy50 ca | ||
| 101 | 0 | _arus | |
| 102 | _aRU | ||
| 105 | _a| z ||||| | ||
| 181 | 0 |
_ai3 _baxxe |
|
| 181 | 0 |
_ab2 _bxb2e |
|
| 182 | 1 | _an | |
| 200 | 1 |
_aВидное - литературный город России _eсборник избранной поэзии и прозы, 1955-2025 _e[к 70-летию Литературного объединения им. Филиппа Шкулёва] _fСоюз писателей России, Московская областная организация Союза писателей России, Администрация Ленинского городского округа Московской области _gсоставители: Т. А. Бирюкова [и др.] _gредакционный совет: председатели С. А. Каторов, Н. Ф. Иванов [и др.] |
|
| 203 |
_aТекст _aИзображение _bвизуальные _cнепосредственные |
||
| 210 |
_aМосква _cБуки Веди _d2025- |
||
| 215 | _d25 | ||
| 309 | _aПервый выпуск вышел ненумерован. | ||
| 606 | 1 |
_aЛитературное краеведение _yВидное, город (Московская область) _jСборники _2nlr_sh2 _3RU\NLR\AUTH\6601722420 |
|
| 675 |
_a821.161.1.09 _v4 |
||
| 686 | 1 | _aШ5(2=Р)-38 | |
| 686 | 2 | _aШ6(2=Р)75-999 | |
| 686 | 2 | _aШ6(2=Р)8-999 | |
| 702 | 1 |
_aБирюкова _bТ. А. _4220 |
|
| 702 | 1 |
_aКаторов _bС. А. _4340 |
|
| 711 | 0 | 2 |
_aЛитературное объединение им. Ф. Шкулёва _cВидное _3RU\NLR\AUTH\880643851 |
| 712 | 0 | 2 |
_aСоюз писателей России _bМосковская областная организация _3RU\NLR\AUTH\8810029905 _4570 |
| 852 |
_aNLR _j2023-7/1580 |
||
| 942 | _cBOOK | ||
| 980 | _aNB | ||